000 00483nam a2200169Ia 4500
008 240729s9999 xx 000 0 und d
022 _a1792-037X
245 0 _aInternational Journal of Caring Sciences
260 _aGreece
260 _bProfessor Despina Sapountzi-Krepia
650 _a Nursing | Medicine
650 _a Public aspects of medicine
650 _aMedicine
856 _uhttps://doaj.org/toc/53f98fa199b8457d919e4ec227dfb9c5
942 _2ddc
942 _cDOAJEJ
999 _c67882
_d67882
945 _a1
_bMadushi Gamage
_c1
_dMadushi Gamage